Obuvnícka technológia pre 1. ročník SOU, učebný odbor obuvník a 1. ročník SŠP, študijný odbor kožiarska výroba /

Hlavní autor: Zeman, Oldřich
Další autoři: Heczko, Jaromír, Štěrba, Jan
Jazyk: Slovenština
Vydáno: Bratislava : Alfa, 1984
Vydání: 1. slovenské vyd.
Edice: Edícia literatúry pre spotrebný priemysel (Alfa)
Fyzický popis: 145 s.
Knihy
Uloženo v:
LEADER 01015nam a2200265 a 4500
001 000456119
003 CZ BrMZK
005 20110823145617.0
007 ta
008 980105s1984 xo f slo d
040 |a BOA001  |b cze 
080 |a 685.31.02(075.3)  |2 MRF 
100 1 |a Zeman, Oldřich  |7 jx20041109038  |4 aut 
245 1 0 |a Obuvnícka technológia pre 1. ročník SOU, učebný odbor obuvník a 1. ročník SŠP, študijný odbor kožiarska výroba /  |c Oldřich Zeman, Jaroslav Heczko, Jan Štěrba 
250 |a 1. slovenské vyd. 
260 |a Bratislava :  |b Alfa,  |c 1984 
300 |a 145 s. 
490 1 |a Edícia literatúry pre spotrebný priemysel 
700 1 |a Heczko, Jaromír  |7 jk01040471  |4 aut 
700 1 |a Štěrba, Jan  |7 jx20051206011  |4 aut 
765 0 |t Obuvnická technologie  |9 Slovensky 
830 0 |a Edícia literatúry pre spotrebný priemysel (Alfa) 
910 |a BOA001  |b 2-0878.741 
990 |a BK 
996 7 |b 2619767553  |c 2-0878.741  |l MZK  |r Sklad / do 1 hodiny  |n 2  |w 000456119  |u 000010  |a 1  |e BOA001  |j MZK50  |s A